000 018420000a22003490004500
003 EG-GICUC
005 20250223025314.0
008 080603s2007 ua d f m 000 0 eng d
040 _aEG-GICUC
_beng
_cEG-GICUC
041 0 _aeng
049 _aDeposite
097 _aM.Sc
099 _aCai01.24.12.M.Sc.2007.Ha.S
100 0 _aHamed Mahmoud Hamed Ibrahim
245 1 0 _aSearch for laser lines in the XUV and soft X - ray spectral regions in some nickel - like ions /
_cHamed Mahmoud Hamed Ibrahim ; Supervised Mohy S.Mansour , Azza A.Farrag , Wessam Eldin S.Abdelaziz
246 1 5 _aالبحث عن خطوط الليزر فى المناطق الطيفية للأشعة فوق البنفسجية القصوى والاشعة السينية اللينة فى بعض الايونات شبيهة النيكل
260 _aCairo :
_bHamed Mahmoud Hamed Ibrahim ,
_c2007
300 _a117 P. :
_bcharts ;
_c30cm
502 _aThesis (M.Sc.) - Cairo University - National Institute Of Laser Enhanced Sciences - Department Of Laser Sciences and Interactions
520 _aLaser gain predieted for nickel - like (la , Gd , andTa) by a steady - state collisional radiative model is presented relativistic calculations are performed in order to obtain accurate multiconfiguration intermediate - coupling (IC) wavefunctions for the excited ststes of the nikel - lik (La29 - , Gd36+ , andTa45+ iobs) using COWAN codes (Cowan , 1981)
530 _aIssued also as CD
653 4 _aLaser
653 4 _aNickel like
653 4 _aRelativistic
700 0 _aAzza Abdelhakem Farrag ,
_eSupervisor
700 0 _aMohy Saad Mansour ,
_eSupervisor
700 0 _aWessam Eldin Salah Elrin Abdelaziz ,
_eSupervisor
856 _uhttp://172.23.153.220/th.pdf
905 _aNazla
_eRevisor
905 _aSoheir
_eCataloger
942 _2ddc
_cTH
999 _c10084
_d10084